[Event "82nd Tata Steel Masters 2020"]
[Site "Wijk aan Zee"]
[Date "2020.01.24"]
[Round "11.5"]
[White "Artemiev, Vladislav"]
[Black "Van Foreest, Jorden"]
[Result "1-0"]
[WhiteElo "2731"]
[BlackElo "2644"]
[Annotator "TA"]
[PlyCount "113"]
[EventDate "2020.01.11"]
[EventType "tourn"]
[EventCountry "NED"]
[SourceTitle "playchess.com"]
[Source "ChessBase"]
[SourceQuality "1"]

1. c4 e5 2. Nc3 Nf6 3. Nf3 Nc6 4. d3 d5 5. cxd5 Nxd5 6. e3 Be7 7. Be2 g5 8. h3 Be6 9. a3 f5 10. Nd2 O-O 11. O-O Nf6 12. b4 Bd6 13. Bb2 Ne7 14. Nc4 Ng6 15. d4 exd4 16. Qxd4 Be7 17. Nb5 c6 18. Qxd8 Raxd8 19. Nd4 Bc8 20. Rfd1 Nd5 21. Rd2 Bf6 22. Rad1 Nb6 23. Nxb6 axb6 24. Bc4+ Kh8 25. Be6 Be5 26. Bxc8 Rxc8 27. Ne6 Rg8 28. Nxg5 Bxb2 29. Rxb2 Ne5 30. Ne6 Rge8 31. Nd4 Rcd8 32. Rbb1 Nc4 33. Nxf5 Nxa3 34. Rbc1 Kg8 35. Nd6 Re7 36. Nf5 Red7 37. Rxd7 Rxd7 38. g4 Kf7 39. Kg2 Rd2 40. h4 Nc2 41. Nd6+ Rxd6 42. Rxc2 Ke6 43. h5 Rd5 44. f4 Rb5 45. Rc4 c5 46. bxc5 bxc5 47. g5 Kd5 48. g6 hxg6 49. hxg6 Ra5 50. Rc2 Ra8 51. f5 c4 52. f6 c3 53. f7 Ke6 54. Rf2 c2 55. Rxc2 Kf6 56. Rf2+ Kg7 57. e4 1-0

[Event "85th Tata Steel Masters 2023"]
[Site "Wijk aan Zee"]
[Date "2023.01.27"]
[Round "11.5"]
[White "Keymer, Vincent"]
[Black "Rapport, Richard"]
[Result "1/2-1/2"]
[WhiteElo "2696"]
[BlackElo "2740"]
[Annotator "TA"]
[PlyCount "81"]
[EventDate "2023.01.10"]
[EventType "tourn"]
[EventCountry "NED"]
[SourceTitle "playchess.com"]
[Source "ChessBase"]
[SourceQuality "1"]

1. d4 Nf6 2. Nf3 g6 3. Nbd2 c5 4. dxc5 Qa5 5. a3 Qxc5 6. b4 Qc3 7. Rb1 Bg7 8. Bb2 Qc7 9. e3 O-O 10. Bd3 d6 11. O-O Nbd7 12. c4 b6 13. Qb3 Bb7 14. Rfe1 Rfe8 15. Rbc1 Rac8 16. h3 Qb8 17. Bf1 Qa8 18. Nd4 a6 19. Ne2 d5 20. Nc3 dxc4 21. Nxc4 Qb8 22. a4 Ba8 23. Rcd1 Nf8 24. a5 N8d7 25. axb6 Nxb6 26. Na5 Nbd5 27. Nxd5 Bxd5 28. Rxd5 Nxd5 29. Bxg7 Kxg7 30. Qxd5 Qxb4 31. Ra1 Qc3 32. Qa2 Red8 33. Nc4 a5 34. Rb1 Rc5 35. Qa1 Qxa1 36. Rxa1 Ra8 37. Ra4 Rb5 38. g3 e5 39. Kg2 f5 40. e4 fxe4 41. h4 1/2-1/2

[Event "84th Tata Steel Masters 2022"]
[Site "Wijk aan Zee"]
[Date "2022.01.28"]
[Round "11.5"]
[White "Praggnanandhaa R"]
[Black "Caruana, Fabiano"]
[Result "0-1"]
[WhiteElo "2612"]
[BlackElo "2792"]
[Annotator "TA"]
[PlyCount "92"]
[EventDate "2022.01.15"]
[EventType "tourn"]
[EventCountry "NED"]
[SourceTitle "playchess.com"]
[Source "ChessBase"]
[SourceQuality "1"]

1. d4 Nf6 2. c4 e6 3. Nf3 d5 4. Nc3 c6 5. e3 Nbd7 6. Qc2 Bd6 7. b3 O-O 8. Be2 b6 9. O-O Bb7 10. Bb2 Qe7 11. a4 a5 12. Bd3 Bb4 13. Rac1 h6 14. Qe2 Rad8 15. Rfd1 Rfe8 16. Bb1 Bd6 17. Re1 Bb4 18. Red1 Rc8 19. Ne5 Nxe5 20. dxe5 Nd7 21. Qc2 Nf8 22. Ne2 b5 23. Nd4 dxc4 24. bxc4 bxa4 25. Qxa4 c5 26. Ne2 Red8 27. Qc2 Rxd1+ 28. Rxd1 Rd8 29. Rxd8 Qxd8 30. Nc3 Bxc3 31. Bxc3 Be4 32. Qc1 Bxb1 33. Qxb1 a4 34. h3 a3 35. Kh2 Qa8 36. Qb3 a2 37. Ba1 Qa5 38. Kg3 g5 39. h4 gxh4+ 40. Kxh4 Ng6+ 41. Kg3 h5 42. Qb2 Qd8 43. f4 Qh4+ 44. Kf3 Qe1 45. Qxa2 Nh4+ 46. Ke4 Qf1 0-1

[Event "85th Tata Steel Challengers 2023"]
[Site "Wijk aan Zee"]
[Date "2023.01.27"]
[Round "11.5"]
[White "Adhiban, B.."]
[Black "Mishra, Abhimanyu"]
[Result "1/2-1/2"]
[WhiteElo "2610"]
[BlackElo "2559"]
[Annotator "TA"]
[PlyCount "146"]
[EventDate "2023.01.10"]
[EventType "tourn"]
[EventCountry "NED"]
[SourceTitle "playchess.com"]
[Source "ChessBase"]
[SourceQuality "1"]

1. e4 c5 2. Nf3 d6 3. d4 cxd4 4. Nxd4 Nf6 5. Nc3 a6 6. Bg5 e6 7. f4 Be7 8. Qf3 Qc7 9. O-O-O Nbd7 10. Be2 b5 11. a3 Bb7 12. Kb1 h6 13. Bxf6 Nxf6 14. Rhf1 Rc8 15. Bd3 Qb6 16. Nce2 b4 17. a4 Nd7 18. Nb3 Nc5 19. Nxc5 Qxc5 20. Nd4 O-O 21. Nb3 Qc7 22. g4 e5 23. g5 hxg5 24. fxg5 Bxg5 25. Qh5 Bf4 26. Rxf4 exf4 27. e5 f5 28. Bxf5 Rxf5 29. Qxf5 Qf7 30. Qxf7+ Kxf7 31. exd6 Bc6 32. Nc5 f3 33. Kc1 a5 34. d7 Rd8 35. Rd4 Ke7 36. Kd2 f2 37. Ke2 Rf8 38. d8=Q+ Rxd8 39. Rxd8 Kxd8 40. Kxf2 Ke7 41. b3 Kd6 42. Nd3 Be4 43. Ke3 Kd5 44. Nf4+ Ke5 45. Nd3+ Kd5 46. Kd2 Kd4 47. Nf4 Ke5 48. Nh3 Bd5 49. Ng1 g5 50. Nh3 g4 51. Nf2 Kf4 52. Ke2 Bc6 53. Nd3+ Ke4 54. Nf2+ Kf4 55. Nd3+ Ke4 56. Nb2 Bd5 57. Nd1 Kd4 58. Kd2 Be6 59. Nf2 Bf5 60. Nh1 Be4 61. Nf2 Bf5 62. Nd3 Ke4 63. Ke2 Kd4 64. Kd2 Ke4 65. Ne1 Kd4 66. Ng2 Ke4 67. Ne3 Be6 68. Ke2 Kd4 69. Kf2 Ke4 70. Nf1 Kd4 71. Ne3 Ke4 72. Ng2 Kd4 73. Ne3 Ke4 1/2-1/2

[Event "82nd Tata Steel Challengers 2020"]
[Site "Wijk aan Zee"]
[Date "2020.01.24"]
[Round "11.5"]
[White "Smirnov, Anton"]
[Black "Anton Guijarro, David"]
[Result "0-1"]
[WhiteElo "2604"]
[BlackElo "2694"]
[Annotator "TA"]
[PlyCount "58"]
[EventDate "2020.01.11"]
[EventType "tourn"]
[EventCountry "NED"]
[SourceTitle "playchess.com"]
[Source "ChessBase"]
[SourceQuality "1"]

1. d4 Nf6 2. c4 e6 3. Nf3 d5 4. Nc3 dxc4 5. e4 Bb4 6. Bxc4 Nxe4 7. O-O Nxc3 8. bxc3 Bd6 9. Qe2 Nd7 10. Re1 O-O 11. Bd3 Re8 12. Bg5 Be7 13. h4 Nf8 14. Bxe7 Qxe7 15. Rab1 Rb8 16. Be4 c5 17. Ne5 Nd7 18. h5 cxd4 19. cxd4 Nxe5 20. dxe5 b6 21. h6 g6 22. Qd2 Rd8 23. Qf4 Bb7 24. Rbc1 Rd4 25. f3 Bxe4 26. fxe4 Rbd8 27. Rf1 Kf8 28. Kh2 Ke8 29. Rc6 Rd1 0-1

[Event "84th Tata Steel Challengers 2022"]
[Site "Wijk aan Zee"]
[Date "2022.01.28"]
[Round "11.5"]
[White "Van Foreest, Lucas"]
[Black "Warmerdam, Max"]
[Result "1/2-1/2"]
[WhiteElo "2530"]
[BlackElo "2599"]
[Annotator "TA"]
[PlyCount "43"]
[EventDate "2022.01.15"]
[EventType "tourn"]
[EventCountry "NED"]
[SourceTitle "playchess.com"]
[Source "ChessBase"]
[SourceQuality "1"]

1. d4 Nf6 2. c4 e6 3. Nf3 d5 4. g3 dxc4 5. Bg2 a6 6. O-O b5 7. Ne5 Nd5 8. e4 Nf6 9. a4 Bb7 10. axb5 axb5 11. Rxa8 Bxa8 12. Nc3 c6 13. d5 Be7 14. dxe6 fxe6 15. Qe2 O-O 16. Bh3 Qe8 17. Nf3 Na6 18. Ng5 e5 19. Ne6 Rf7 20. Ng5 Rf8 21. Ne6 Rf7 22. Ng5 1/2-1/2

[Event "85th Tata Steel Masters 2023"]
[Site "Wijk aan Zee"]
[Date "2023.01.27"]
[Round "11.6"]
[White "Ding, Liren"]
[Black "Van Foreest, Jorden"]
[Result "1/2-1/2"]
[WhiteElo "2811"]
[BlackElo "2681"]
[Annotator "TA"]
[PlyCount "65"]
[EventDate "2023.01.10"]
[EventType "tourn"]
[EventCountry "NED"]
[SourceTitle "playchess.com"]
[Source "ChessBase"]
[SourceQuality "1"]

1. d4 d5 2. c4 c6 3. Nf3 Nf6 4. e3 Bf5 5. Nc3 e6 6. Nh4 Be4 7. f3 Bg6 8. Bd2 Nbd7 9. Nxg6 hxg6 10. Qb3 dxc4 11. Qxb7 c5 12. Nb5 Rb8 13. Nc7+ Ke7 14. Qxa7 Qc8 15. dxc5 Rb7 16. Qa3 Qxc7 17. c6+ Ke8 18. cxd7+ Nxd7 19. Qc3 Bb4 20. Qc2 Qe5 21. Bxb4 Qxe3+ 22. Qe2 Qxe2+ 23. Bxe2 Rxb4 24. O-O-O Ke7 25. Rd2 g5 26. Rc2 Nb6 27. a3 Ra4 28. Kb1 Rh4 29. g3 Rh3 30. Bd1 Ra5 31. Be2 Ra4 32. Bd1 Ra5 33. Be2 1/2-1/2

[Event "82nd Tata Steel Masters 2020"]
[Site "Wijk aan Zee"]
[Date "2020.01.24"]
[Round "11.6"]
[White "So, Wesley"]
[Black "Xiong, Jeffery"]
[Result "1/2-1/2"]
[WhiteElo "2765"]
[BlackElo "2712"]
[Annotator "TA"]
[PlyCount "27"]
[EventDate "2020.01.11"]
[EventType "tourn"]
[EventCountry "NED"]
[SourceTitle "playchess.com"]
[Source "ChessBase"]
[SourceQuality "1"]

1. e4 c5 2. Nf3 d6 3. d4 cxd4 4. Nxd4 Nf6 5. Nc3 a6 6. Be3 Nbd7 7. f3 e6 8. g4 h6 9. h4 Ne5 10. Rg1 Qb6 11. Na4 Qa5+ 12. Nc3 Qb6 13. Na4 Qa5+ 14. Nc3 1/2-1/2

[Event "83rd Tata Steel Masters 2021"]
[Site "Wijk aan Zee"]
[Date "2021.01.29"]
[Round "11.6"]
[White "Anton Guijarro, David"]
[Black "Grandelius, Nils"]
[Result "1/2-1/2"]
[WhiteElo "2679"]
[BlackElo "2663"]
[Annotator "TA"]
[PlyCount "60"]
[EventDate "2021.01.16"]
[EventType "tourn"]
[EventCountry "NED"]
[SourceTitle "playchess.com"]
[Source "ChessBase"]
[SourceQuality "1"]

1. c4 g6 2. d4 Nf6 3. Nc3 d5 4. cxd5 Nxd5 5. Bd2 Bg7 6. e4 Nxc3 7. Bxc3 O-O 8. Bc4 Nd7 9. Qd2 Nb6 10. Bb3 c5 11. d5 e6 12. Bxg7 Kxg7 13. d6 c4 14. Bc2 e5 15. f4 exf4 16. Qxf4 Qf6 17. Qxf6+ Kxf6 18. Nf3 Bg4 19. e5+ Kg7 20. O-O f6 21. exf6+ Rxf6 22. Ne5 Be6 23. Rfd1 Rd8 24. Be4 Bf5 25. Bxb7 Rfxd6 26. Rxd6 Rxd6 27. Rc1 Rd2 28. Nxc4 Nxc4 29. Rxc4 Rxb2 30. Bd5 Rc2 1/2-1/2

[Event "82nd Tata Steel Challengers 2020"]
[Site "Wijk aan Zee"]
[Date "2020.01.24"]
[Round "11.6"]
[White "Grandelius, Nils"]
[Black "Ganguly, Surya Shekhar"]
[Result "1/2-1/2"]
[WhiteElo "2673"]
[BlackElo "2636"]
[Annotator "TA"]
[PlyCount "73"]
[EventDate "2020.01.11"]
[EventType "tourn"]
[EventCountry "NED"]
[SourceTitle "playchess.com"]
[Source "ChessBase"]
[SourceQuality "1"]

1. Nf3 d5 2. g3 Nf6 3. Bg2 e6 4. O-O Be7 5. c4 O-O 6. b3 d4 7. e3 c5 8. Ne5 Nfd7 9. exd4 cxd4 10. Nxd7 Qxd7 11. Ba3 Na6 12. Bxe7 Qxe7 13. d3 Nc5 14. Nd2 e5 15. Ne4 Ne6 16. Qe2 f6 17. f4 exf4 18. gxf4 Bd7 19. Rae1 Rae8 20. Qf2 Bc6 21. f5 Nc5 22. Qxd4 Nxe4 23. Bxe4 Qa3 24. Bd5+ Kh8 25. Rxe8 Rxe8 26. Bxc6 bxc6 27. Qd7 Rg8 28. Qxc6 Qxa2 29. Qa4 Qe2 30. Qxa7 Qxd3 31. Qb7 g6 32. Qf3 gxf5+ 33. Kh1 Qc2 34. Rf2 Qc1+ 35. Rf1 Qc2 36. Rf2 Qc1+ 37. Rf1 1/2-1/2

[Event "84th Tata Steel Challengers 2022"]
[Site "Wijk aan Zee"]
[Date "2022.01.28"]
[Round "11.6"]
[White "Shuvalova, Polina"]
[Black "Ganguly, Surya Shekhar"]
[Result "1/2-1/2"]
[WhiteElo "2516"]
[BlackElo "2627"]
[Annotator "TA"]
[PlyCount "124"]
[EventDate "2022.01.15"]
[EventType "tourn"]
[EventCountry "NED"]
[SourceTitle "playchess.com"]
[Source "ChessBase"]
[SourceQuality "1"]

1. d4 Nf6 2. c4 e6 3. Nc3 Bb4 4. Nf3 O-O 5. Bg5 c5 6. Rc1 h6 7. Bh4 cxd4 8. Nxd4 d5 9. cxd5 Bxc3+ 10. bxc3 Qxd5 11. Bxf6 gxf6 12. e3 Rd8 13. Nb5 Qxd1+ 14. Rxd1 Rxd1+ 15. Kxd1 Na6 16. Nd6 Nc5 17. Bb5 a6 18. Be8 Bd7 19. Bxd7 Rd8 20. Nc4 Rxd7+ 21. Kc2 Ne4 22. f3 Rc7 23. Kb3 Nxc3 24. Nd6 Nd5 25. e4 Rd7 26. Ne8 Kf8 27. exd5 Kxe8 28. dxe6 fxe6 29. Kc3 Ke7 30. Rb1 f5 31. Rb6 Kf6 32. f4 h5 33. a4 h4 34. Rb2 h3 35. g3 Rc7+ 36. Kd3 Rc1 37. Rxb7 Rh1 38. Rh7 Rxh2 39. Kc4 Rh1 40. Kb4 h2 41. Ka5 e5 42. fxe5+ Kxe5 43. Rh4 Kf6 44. Rh8 Kg5 45. Rg8+ Kh5 46. Rg7 Re1 47. Rh7+ Kg4 48. Rxh2 Re6 49. Rf2 Rf6 50. Rf4+ Kxg3 51. Rxf5 Rxf5+ 52. Kxa6 Rf1 53. a5 Kf4 54. Kb7 Rb1+ 55. Kc6 Ra1 56. Kb6 Ke5 57. a6 Kd6 58. Kb7 Rb1+ 59. Kc8 Ra1 60. Kb7 Kd7 61. a7 Rb1+ 62. Ka8 Kc7 1/2-1/2

[Event "85th Tata Steel Challengers 2023"]
[Site "Wijk aan Zee"]
[Date "2023.01.27"]
[Round "11.6"]
[White "Vaishali, Rameshbabu"]
[Black "L'Ami, Erwin"]
[Result "1/2-1/2"]
[WhiteElo "2425"]
[BlackElo "2627"]
[Annotator "TA"]
[PlyCount "123"]
[EventDate "2023.01.10"]
[EventType "tourn"]
[EventCountry "NED"]
[SourceTitle "playchess.com"]
[Source "ChessBase"]
[SourceQuality "1"]

1. e4 e5 2. Nf3 Nc6 3. Bb5 a6 4. Ba4 d6 5. O-O Bd7 6. c3 g6 7. d4 Bg7 8. Re1 Nf6 9. Nbd2 O-O 10. Nf1 exd4 11. cxd4 Bg4 12. Bxc6 bxc6 13. h3 Bxf3 14. Qxf3 Nd7 15. Be3 Qb8 16. Qe2 Qb5 17. Rac1 Rac8 18. b3 f5 19. exf5 gxf5 20. Qc4+ Rf7 21. Bf4 c5 22. dxc5 Nxc5 23. Red1 Re8 24. Ng3 Ne6 25. Nh5 Bb2 26. Rc2 Qxc4 27. Rxc4 Ng7 28. Nxg7 Kxg7 29. Rc6 a5 30. Bd2 Ra8 31. Rb1 Bd4 32. Rbc1 Bb6 33. Be3 Bxe3 34. fxe3 Ra7 35. Kf2 Kf6 36. Kf3 Ke5 37. Rd1 Ra8 38. Rdc1 Ra7 39. Rd1 Rg7 40. Rdc1 Kd5 41. R1c2 h6 42. Kf4 Ke6 43. g3 Rf7 44. Rd2 Rf8 45. Rdc2 Kd7 46. R2c3 Rf7 47. Rc2 Ke6 48. Rd2 h5 49. Rd4 Rg7 50. Rdc4 Rh7 51. Kg5 Rb7 52. Ra6 Rb8 53. Kh4 Rg8 54. e4 c5 55. exf5+ Kxf5 56. Rf4+ Ke5 57. Rxa5 Rhg7 58. Rf3 Ke4 59. Rf4+ Ke5 60. Rf3 Ke4 61. Rf4+ Ke5 62. Rf3 1/2-1/2

[Event "84th Tata Steel Masters 2022"]
[Site "Wijk aan Zee"]
[Date "2022.01.28"]
[Round "11.7"]
[White "Rapport, Richard"]
[Black "Dubov, Daniil"]
[Result "1-0"]
[WhiteElo "2763"]
[BlackElo "2720"]
[Annotator "TA"]
[PlyCount "43"]
[EventDate "2022.01.15"]
[EventType "tourn"]
[EventCountry "NED"]

1. e4 e6 2. d4 d5 3. e5 c5 4. c3 Nc6 5. Nf3 Bd7 6. a3 Qb6 7. b4 cxd4 8. cxd4 Nge7 9. Be3 Nf5 10. Bd3 Nxe3 11. fxe3 Be7 12. O-O O-O 13. Nc3 f6 14. exf6 Bxf6 15. Rc1 Ne7 16. h4 h6 17. Bb1 e5 18. dxe5 Qxe3+ 19. Kh1 d4 20. exf6 Rxf6 21. Re1 Qf2 22. Ne4 1-0

[Event "82nd Tata Steel Masters 2020"]
[Site "Wijk aan Zee"]
[Date "2020.01.24"]
[Round "11.7"]
[White "Vitiugov, Nikita"]
[Black "Dubov, Daniil"]
[Result "1/2-1/2"]
[WhiteElo "2747"]
[BlackElo "2683"]
[Annotator "TA"]
[PlyCount "47"]
[EventDate "2020.01.11"]
[EventType "tourn"]
[EventCountry "NED"]
[SourceTitle "playchess.com"]
[Source "ChessBase"]
[SourceQuality "1"]

1. e4 e5 2. Nf3 Nc6 3. Bb5 a6 4. Ba4 Nf6 5. O-O Nxe4 6. d4 Be7 7. Re1 b5 8. Rxe4 d5 9. Nxe5 Nxe5 10. Rxe5 bxa4 11. b3 O-O 12. Rxe7 Qxe7 13. Ba3 Qg5 14. Bxf8 Bh3 15. Qf1 Kxf8 16. Nc3 axb3 17. cxb3 Re8 18. Kh1 Qd2 19. Nxd5 Bxg2+ 20. Qxg2 Re1+ 21. Rxe1 Qxe1+ 22. Qg1 Qe4+ 23. Qg2 Qe1+ 24. Qg1 1/2-1/2

[Event "85th Tata Steel Masters 2023"]
[Site "Wijk aan Zee"]
[Date "2023.01.27"]
[Round "11.7"]
[White "Erigaisi Arjun"]
[Black "Gukesh D"]
[Result "1/2-1/2"]
[WhiteElo "2722"]
[BlackElo "2725"]
[Annotator "TA"]
[PlyCount "90"]
[EventDate "2023.01.10"]
[EventType "tourn"]
[EventCountry "NED"]
[SourceTitle "playchess.com"]
[Source "ChessBase"]
[SourceQuality "1"]

1. e4 e5 2. Nf3 Nc6 3. Bb5 Nf6 4. O-O Nxe4 5. d4 Nd6 6. dxe5 Nxb5 7. a4 Nbd4 8. Nxd4 d5 9. c3 Be7 10. f4 O-O 11. Be3 f6 12. Nd2 Nxd4 13. Bxd4 c5 14. exf6 cxd4 15. fxe7 Qxe7 16. Qf3 dxc3 17. Qxc3 Qf6 18. Qd3 Qxb2 19. Qxd5+ Kh8 20. Nc4 Be6 21. Qe5 Qxe5 22. Nxe5 Rac8 23. Rf2 Rc5 24. Re1 b5 25. a5 Rd8 26. Rb2 Kg8 27. h3 Bc8 28. Nf3 Rf8 29. Rb4 a6 30. Re7 Rcf5 31. g3 R5f7 32. Re3 Rc7 33. g4 Rc2 34. f5 Rd8 35. Rd4 Rxd4 36. Nxd4 Rc4 37. Nf3 Kf8 38. Kf2 Rc2+ 39. Kg3 b4 40. Rb3 Rc4 41. Kf2 Bd7 42. Nd2 Ba4 43. Rb1 Rc2 44. Ke1 b3 45. Nxb3 Bxb3 1/2-1/2

[Event "83rd Tata Steel Masters 2021"]
[Site "Wijk aan Zee"]
[Date "2021.01.29"]
[Round "11.7"]
[White "Wojtaszek, Radoslaw"]
[Black "Vachier-Lagrave, Maxime"]
[Result "1/2-1/2"]
[WhiteElo "2705"]
[BlackElo "2784"]
[Annotator "TA"]
[PlyCount "90"]
[EventDate "2021.01.16"]
[EventType "tourn"]
[EventCountry "NED"]
[SourceTitle "playchess.com"]
[Source "ChessBase"]
[SourceQuality "1"]

1. d4 Nf6 2. c4 g6 3. Nc3 d5 4. Bf4 Bg7 5. e3 c5 6. dxc5 Qa5 7. Rc1 dxc4 8. Bxc4 O-O 9. Nge2 Nc6 10. O-O Qxc5 11. Nb5 Be6 12. Bd3 Qb4 13. Nc7 Bxa2 14. Nxa8 Rxa8 15. Qc2 Rd8 16. Nd4 Nd5 17. Nxc6 bxc6 18. Bc4 Bxc4 19. Qxc4 Bxb2 20. Qxb4 Nxb4 21. Rc4 a5 22. Bc7 Rd5 23. g4 h5 24. Rb1 Be5 25. Bxe5 Rxe5 26. h3 f6 27. Rd1 hxg4 28. hxg4 Rd5 29. Rxd5 cxd5 30. Rc5 Nd3 31. Rxa5 Ne5 32. Ra4 d4 33. exd4 Nxg4 34. Kg2 Kf7 35. Kf3 f5 36. Ra5 Ke6 37. Kg3 Nf6 38. f3 Ne8 39. Ra8 Nc7 40. Rg8 Kf7 41. Rc8 Nd5 42. Rd8 e6 43. Kh4 Kf6 44. Rf8+ Kg7 45. Re8 Kf6 1/2-1/2

[Event "85th Tata Steel Challengers 2023"]
[Site "Wijk aan Zee"]
[Date "2023.01.27"]
[Round "11.7"]
[White "Supi, Luis Paulo"]
[Black "Roebers, Eline"]
[Result "1-0"]
[WhiteElo "2608"]
[BlackElo "2361"]
[Annotator "TA"]
[PlyCount "55"]
[EventDate "2023.01.10"]
[EventType "tourn"]
[EventCountry "NED"]
[SourceTitle "playchess.com"]
[Source "ChessBase"]
[SourceQuality "1"]

1. c4 e5 2. d3 Bb4+ 3. Nd2 c5 4. Ngf3 Nc6 5. g3 f5 6. Bg2 Nf6 7. O-O Ba5 8. a3 O-O 9. b4 Bc7 10. bxc5 Qe8 11. Bb2 b6 12. Nh4 f4 13. cxb6 axb6 14. e3 Kh8 15. exf4 exf4 16. Re1 Qf7 17. Ndf3 Ra5 18. Nd4 Nxd4 19. Bxd4 d5 20. cxd5 Nxd5 21. Rc1 Bb7 22. Qg4 Bd8 23. Nf5 Nf6 24. Nd6 Qg8 25. Bxf6 Bxg2 26. Bxd8 Rxd8 27. Nc4 h5 28. Qg6 1-0

[Event "82nd Tata Steel Challengers 2020"]
[Site "Wijk aan Zee"]
[Date "2020.01.24"]
[Round "11.7"]
[White "Warmerdam, Max"]
[Black "Saduakassova, Dinara"]
[Result "1/2-1/2"]
[WhiteElo "2498"]
[BlackElo "2519"]
[Annotator "TA"]
[PlyCount "54"]
[EventDate "2020.01.11"]
[EventType "tourn"]
[EventCountry "NED"]
[SourceTitle "playchess.com"]
[Source "ChessBase"]
[SourceQuality "1"]

1. e4 e5 2. Nf3 Nc6 3. Bb5 a6 4. Ba4 Nf6 5. d3 d6 6. c4 g6 7. Nc3 Bg7 8. h3 O-O 9. O-O h6 10. Be3 Nd7 11. d4 exd4 12. Nxd4 Nce5 13. Qe2 c5 14. Nc2 Nb6 15. Bb3 Be6 16. Na3 f5 17. exf5 Bxf5 18. Rad1 Qe7 19. Bf4 Bg4 20. hxg4 Rxf4 21. f3 Re8 22. Nc2 Qf8 23. Qd2 Nexc4 24. Qxd6 Kh7 25. Qxf8 Rexf8 26. Nd5 Nxd5 27. Rxd5 b5 1/2-1/2

[Event "80th Tata Steel Masters 2018"]
[Site "Wijk aan Zee"]
[Date "2018.01.27"]
[Round "12"]
[White "Carlsen, Magnus"]
[Black "Matlakov, Maxim"]
[Result "1-0"]
[WhiteElo "2834"]
[BlackElo "2718"]
[Annotator "TA"]
[PlyCount "113"]
[EventDate "2018.??.??"]
[EventType "tourn"]
[EventRounds "4"]
[EventCountry "NED"]
[SourceTitle "playchess.com"]
[Source "ChessBase"]
[SourceQuality "1"]

1. e4 c5 2. Nf3 e6 3. d4 cxd4 4. Nxd4 Nc6 5. Nc3 Qc7 6. Be3 a6 7. Qd2 Nf6 8. f4 Bb4 9. Bd3 Na5 10. a3 Bxc3 11. Qxc3 Qxc3+ 12. bxc3 d5 13. exd5 exd5 14. Nb3 Nc4 15. Bd4 Ne4 16. Nc5 Nxc5 17. Bxc5 Bd7 18. O-O-O O-O-O 19. Bxc4 dxc4 20. Bb6 Rde8 21. Rd4 Re6 22. Rxc4+ Rc6 23. Rxc6+ Bxc6 24. Rd1 Bxg2 25. Rg1 Be4 26. Rxg7 Bg6 27. a4 Rf8 28. Kb2 Kd7 29. f5 Bxf5 30. Bc5 Rc8 31. Rxf7+ Ke6 32. Re7+ Kf6 33. Bb4 a5 34. Ba3 Rc4 35. Rxb7 Rxa4 36. Ra7 Re4 37. Rxa5 Re2 38. Bd6 Bxc2 39. c4 Ke6 40. Ra6 Bf5+ 41. Kc3 Be4 42. Kd4 Kf5 43. Ra5+ Kg4 44. c5 Bf3 45. Ra7 h6 46. Rh7 Re4+ 47. Kd3 Re6 48. Kc4 Bc6 49. Rc7 Bh1 50. Kb5 h5 51. Rg7+ Kh4 52. Rg1 Ba8 53. Kb6 Re2 54. Kc7 Bd5 55. Rg3 Bh1 56. Rc3 Kg4 57. c6 1-0

[Event "81st Tata Steel Masters 2019"]
[Site "Wijk aan Zee"]
[Date "2019.01.26"]
[Round "12"]
[White "Ding, Liren"]
[Black "Anand, Viswanathan"]
[Result "1/2-1/2"]
[WhiteElo "2813"]
[BlackElo "2773"]
[Annotator "TA"]
[PlyCount "82"]
[EventDate "2019.01.12"]
[EventType "tourn"]
[EventCountry "NED"]
[SourceTitle "playchess.com"]
[Source "ChessBase"]
[SourceQuality "1"]

1. e4 e5 2. Nf3 Nc6 3. Bc4 Bc5 4. O-O Nf6 5. d3 d6 6. c3 a6 7. a4 O-O 8. Re1 h6 9. h3 a5 10. Nbd2 Be6 11. b3 d5 12. exd5 Nxd5 13. Ne4 Bb6 14. Ra2 f5 15. Ng3 Qf6 16. Nxe5 Nxe5 17. Nh5 Qf7 18. Rxe5 Nxc3 19. Rxe6 Nxd1 20. Re7 Rad8 21. Rae2 Nc3 22. R2e5 c6 23. Rxb7 Nd5 24. Rxf7 Rxf7 25. Re6 Kh7 26. Rxc6 Re7 27. Bxh6 gxh6 28. Bxd5 Rd6 29. Rxd6 Re1+ 30. Kh2 Bc7 31. g4 Bxd6+ 32. Kg2 Kg6 33. Ng3 Bxg3 34. Kxg3 Rd1 35. Bc4 Kf6 36. f3 Rg1+ 37. Kf2 Rh1 38. Kg2 Rd1 39. Kg3 Rg1+ 40. Kf2 fxg4 41. fxg4 Ke5 1/2-1/2

[Event "80th Tata Steel Masters 2018"]
[Site "Wijk aan Zee"]
[Date "2018.01.27"]
[Round "12"]
[White "Kramnik, Vladimir"]
[Black "Caruana, Fabiano"]
[Result "1-0"]
[WhiteElo "2787"]
[BlackElo "2811"]
[Annotator "TA"]
[PlyCount "103"]
[EventDate "2018.??.??"]
[EventType "tourn"]
[EventRounds "4"]
[EventCountry "NED"]
[SourceTitle "playchess.com"]
[Source "ChessBase"]
[SourceQuality "1"]

1. e4 c6 2. d4 d5 3. exd5 cxd5 4. Nf3 Nf6 5. Ne5 Nc6 6. Bb5 Bd7 7. Nxd7 Qxd7 8. c3 e6 9. O-O Bd6 10. Nd2 O-O 11. Re1 a6 12. Bd3 e5 13. dxe5 Nxe5 14. Nf3 Nfg4 15. Nxe5 Nxe5 16. Bc2 Rfe8 17. Bf4 Bc7 18. g3 Rad8 19. Bxh7+ Kxh7 20. Bxe5 Bxe5 21. Qh5+ Kg8 22. Rxe5 Rxe5 23. Qxe5 Re8 24. Qd4 Qb5 25. b3 Re2 26. h4 b6 27. Rd1 Rxa2 28. Re1 Qc6 29. Re5 Qf6 30. Qe3 Ra1+ 31. Kg2 Ra5 32. h5 d4 33. cxd4 Rxe5 34. Qxe5 Qd8 35. d5 a5 36. d6 Qd7 37. Qe7 Qc6+ 38. Kg1 Qc1+ 39. Kh2 Qc5 40. Qe8+ Kh7 41. Qe4+ g6 42. hxg6+ Kg7 43. Qd3 Qxf2+ 44. Kh1 Qf6 45. d7 Qd8 46. Qc3+ Kxg6 47. Qc6+ Kh5 48. Qf3+ Kh6 49. Qxf7 Qh8 50. Kg2 Qa8+ 51. Kh2 Qh8 52. Qe8 1-0

[Event "80th Tata Steel Masters 2018"]
[Site "Wijk aan Zee"]
[Date "2018.01.27"]
[Round "12"]
[White "Anand, Viswanathan"]
[Black "So, Wesley"]
[Result "1/2-1/2"]
[WhiteElo "2767"]
[BlackElo "2792"]
[Annotator "TA"]
[PlyCount "64"]
[EventDate "2018.??.??"]
[EventType "tourn"]
[EventRounds "4"]
[EventCountry "NED"]
[SourceTitle "playchess.com"]
[Source "ChessBase"]
[SourceQuality "1"]

1. e4 e5 2. Nf3 Nc6 3. Bb5 a6 4. Ba4 Nf6 5. O-O Nxe4 6. d4 b5 7. Bb3 d5 8. dxe5 Be6 9. Nbd2 Be7 10. c3 O-O 11. Bc2 f5 12. Nb3 Qd7 13. Nfd4 Nxd4 14. Nxd4 c5 15. Nxe6 Qxe6 16. f3 Ng5 17. a4 Rad8 18. axb5 axb5 19. Bxg5 Bxg5 20. f4 Be7 21. Kh1 d4 22. cxd4 c4 23. b3 Bc5 24. bxc4 Rxd4 25. Qf3 bxc4 26. Rfd1 g6 27. Rxd4 Bxd4 28. Rd1 Rd8 29. Qb7 Bb6 30. Rxd8+ Bxd8 31. Ba4 Qb6 32. Qxb6 Bxb6 1/2-1/2